000 00347nam a2200133Ia 4500
008 170221s9999 xx 000 0 und d
100 _aCiorstan J. Smark
245 _aEditorial Volume 6 Issue 1
245 _cCiorstan J. Smark
260 _c2012
300 _a32 : 16
650 _xBusiness
856 _uhttp://ro.uow.edu.au/aabfj/vol6/iss1/9/
999 _c311374
_d311374